Evénements du 14 août - Statistiques

Statistiques générales
  • Ce quiz a été pris 32 fois
  • Le résultat moyen est 7 sur 15
Statistiques - réponses
Hint Réponse % Correct
Effondrement du pont Morandi à Gênes - 43 morts 2018
90%
La Chine déclare la guerre à l'Allemagne 1917
71%
Indépendance du Pakistan 1947
62%
Indépendance de l'Equateur 1832
48%
Indépendance du Bahreïn 1971
48%
Naissance du futur pape Pie VII 1742
43%
Fin de la révolte des Boxers en Chine 1900
43%
Naissance du chef d'orchestre Georges Prêtre 1924
43%
Naissance du scénariste René Goscinny 1926
43%
Début de la grève des ouvriers du chantier Lenine à Gdansk 1980
43%
1er emploi de l'expression Tiers-monde 1952
38%
Bataille d'Isly 1844
33%
Naissance du photographe Willy Ronis 1910
33%
Jonction des équipes françaises et italiennes qui forent le tunnel sous le Mont Blanc 1962
33%
Naissance du peintre Claude Vernet 1714
14%
Aucun quiz correspondant
Distribution des résultats
% des personnes avec chaque résultat
Percentile par nombre de réponses
Votre historique - résultats
Vous n’avez pas pris ce quiz